[Event "Chuzete"]
[Site "http://www.queenalice.com/game.php?id=567728"]
[Date "2009.4.6"]
[Round "1"]
[White "jhonystrike"]
[Black "guzanito"]
[Result "1-0"]
[WhiteElo "2136"]
[BlackElo "2199"]

1. d4 c5 2. d5 Nf6 3. c4 d6 4. Nc3 g6 5. e4 Bg7 6. Bd3 O-O 7. Nge2 a6 8. O-O
Nbd7 9. a4 Ne5 10. h3 Nxd3 11. Qxd3 e5 12. dxe6 Bxe6 13. Bg5 Qd7 14. f4 Qc6 15.
f5 Bd7 16. Bxf6 Bxf6 17. Nd5 Bd8 18. Qe3 Kg7 19. Nef4 Bh4 20. f6+ Kh8 21. Ne7
Qb6 22. Nfxg6+ fxg6 23. Nxg6+ Kg8 24. Nxf8 Rxf8 25. Qh6 Rf7 26. Qxh4 Qxb2 27.
Rad1 Qe5 28. Rd5 Qe6 29. Rg5+ 1-0

[Event "AUTO-MASTER-621"]
[Site "http://www.queenalice.com/game.php?id=594912"]
[Date "2009.5.28"]
[Round "2"]
[White "jhonystrike"]
[Black "franliro"]
[Result "1-0"]
[WhiteElo "2118"]
[BlackElo "2023"]

1. d4 d5 2. c4 dxc4 3. Nf3 Nf6 4. e3 b5 5. a4 c6 6. axb5 cxb5 7. b3 Qc7 8. bxc4
b4 9. Qa4+ Bd7 10. Qxb4 e6 11. Qd2 Nc6 12. c5 Ne4 13. Qc2 f5 14. Nbd2 Nxd2 15.
Bxd2 Be7 16. Bc4 Bf6 17. O-O Ke7 18. Bc3 a5 19. e4 fxe4 20. Qxe4 h5 21. d5 Bxc3
22. d6+ 1-0

[Event "AUTO-MASTER-621"]
[Site "http://www.queenalice.com/game.php?id=594913"]
[Date "2009.5.28"]
[Round "2"]
[White "franliro"]
[Black "jhonystrike"]
[Result "0-1"]
[WhiteElo "1943"]
[BlackElo "2222"]

1. e4 Nf6 2. e5 Nd5 3. c4 Nb6 4. Nf3 d6 5. d4 Bg4 6. Nbd2 dxe5 7. dxe5 Nc6 8.
Be2 g6 9. h3 Bxf3 10. Bxf3 Bg7 11. Bxc6+ bxc6 12. Qf3 Bxe5 13. Qxc6+ Qd7 14. Qe4
Bg7 15. c5 Nd5 16. O-O O-O 17. Rb1 Rab8 18. a3 e6 19. b4 Nc3 20. Qf3 Nxb1 21.
Nxb1 a5 22. Bd2 axb4 23. Bxb4 c6 24. Rd1 Bd4 25. Nc3 e5 26. Ne4 f5 27. Nd6 h6
28. Qb3+ Kh7 29. Kf1 Qe7 30. Qc4 Qh4 31. Qc2 Qf4 32. g3 Qf3 33. h4 f4 34. Rd3
Qh1+ 35. Ke2 fxg3 36. Ne4 gxf2 37. Ng3 Qe1+ 38. Bxe1 Rb2 39. Qxb2 fxe1=Q+ 40.
Kxe1 Bxb2 41. Rd7+ Kg8 42. Rd6 Rf3 43. Rxg6+ Kf7 44. h5 Bxa3 45. Ke2 Rf6 46.
Rxf6+ Kxf6 47. Ne4+ Ke6 48. Kd2 Bb4+ 49. Kd3 Ba5 50. Kc4 Bd8 51. Nd6 Bc7 52. Ne8
Bb8 53. Ng7+ Kf6 54. Ne8+ Kf7 55. Nd6+ Bxd6 56. cxd6 Ke6 57. Kc5 Kd7 0-1

[Event "AUTO-MASTER-863"]
[Site "http://www.queenalice.com/game.php?id=626463"]
[Date "2009.7.29"]
[Round "1"]
[White "TheAlchemist"]
[Black "jhonystrike"]
[Result "0-1"]
[WhiteElo "2157"]
[BlackElo "2181"]

1. d4 Nf6 2. Nf3 d5 3. c4 e6 4. Nc3 c6 5. Bg5 Nbd7 6. e3 Qa5 7. Nd2 Bb4 8. Qc2
O-O 9. Be2 e5 10. dxe5 Ne4 11. Ndxe4 dxe4 12. Bf4 Nxe5 13. O-O Bxc3 14. bxc3 Bf5
15. Rfd1 Nd3 16. Bg3 Rad8 0-1

[Event "AUTO-MASTER-863"]
[Site "http://www.queenalice.com/game.php?id=626464"]
[Date "2009.7.29"]
[Round "1"]
[White "jhonystrike"]
[Black "TheAlchemist"]
[Result "1-0"]
[WhiteElo "2211"]
[BlackElo "2175"]

1. d4 Nf6 2. c4 e6 3. Nc3 d5 4. g3 Bb4 5. Bg2 c6 6. Nf3 Nbd7 7. O-O dxc4 8. Qc2
O-O 9. Rd1 Nd5 10. e4 Nxc3 11. bxc3 Be7 12. Nd2 b5 13. a4 Bb7 14. Qb2 Rb8 15.
axb5 cxb5 16. Rxa7 Qb6 17. Ra1 Rfc8 18. Qc2 b4 19. cxb4 c3 20. Nf1 Bxb4 21. Bf4
Ra8 22. Ne3 h6 23. h4 Rxa1 24. Rxa1 Ra8 25. Rb1 Qa5 26. Qb3 1-0

[Event "AUTO-MASTER-863"]
[Site "http://www.queenalice.com/game.php?id=626477"]
[Date "2009.7.29"]
[Round "1"]
[White "jhonystrike"]
[Black "Shodan"]
[Result "1-0"]
[WhiteElo "2202"]
[BlackElo "2110"]

1. d4 Nf6 2. c4 e6 3. Nc3 Bb4 4. Qc2 c5 5. e3 Nc6 6. Nf3 d5 7. a3 cxd4 8. axb4
dxc3 9. b5 cxb2 10. Bxb2 Ne7 11. Bd3 h6 12. O-O O-O 13. c5 1-0

[Event "AUTO-MASTER-863"]
[Site "http://www.queenalice.com/game.php?id=626479"]
[Date "2009.7.29"]
[Round "1"]
[White "jhonystrike"]
[Black "mds"]
[Result "0-1"]
[WhiteElo "2219"]
[BlackElo "2367"]

1. d4 Nf6 2. c4 c5 3. d5 b5 4. cxb5 a6 5. bxa6 Bxa6 6. Nc3 d6 7. e4 Bxf1 8. Kxf1
g6 9. g3 Bg7 10. Kg2 O-O 11. Nf3 Nbd7 12. Re1 Ng4 13. Qe2 Qa5 14. Nd2 Bxc3 15.
Nc4 Qa6 16. bxc3 Nge5 17. Nxe5 Nxe5 18. Bh6 Rfb8 19. Qxa6 Rxa6 20. Reb1 Rab6 21.
Rxb6 Rxb6 22. a4 f6 23. h4 Kf7 24. a5 Ra6 25. Ra4 Nd3 26. g4 e6 27. dxe6+ Kxe6
28. f4 Nb2 29. Ra1 f5 30. Kf3 fxe4+ 31. Kxe4 d5+ 32. Kf3 Nc4 33. Re1+ Kf7 34.
Bg5 Nd2+ 35. Kg2 Ne4 36. Bd8 Ra8 37. Bb6 Nxc3 38. Re5 c4 39. Kf3 Ra6 40. Bc5 Rc6
0-1

[Event "AUTO-MASTER-863"]
[Site "http://www.queenalice.com/game.php?id=626480"]
[Date "2009.7.29"]
[Round "1"]
[White "mds"]
[Black "jhonystrike"]
[Result "1-0"]
[WhiteElo "2330"]
[BlackElo "2239"]

1. Nf3 Nf6 2. b3 g6 3. Bb2 Bg7 4. g3 O-O 5. Bg2 d6 6. d4 c5 7. c4 Nc6 8. d5 Na5
9. O-O a6 10. Nbd2 b5 11. e4 Rb8 12. Bc3 e5 13. Ne1 Ne8 14. Nd3 f5 15. cxb5 axb5
16. b4 cxb4 17. Nxb4 Qb6 18. Nc6 Nxc6 19. dxc6 f4 20. Qb3+ Kh8 21. gxf4 Rxf4 22.
Rac1 Nc7 23. Bb4 Be6 24. Qe3 Qxe3 25. fxe3 Rxf1+ 26. Bxf1 Bf8 27. Ba5 Rc8 28. a3
Kg7 29. Bxc7 Rxc7 30. Bxb5 d5 31. exd5 Bxa3 32. Rc3 1-0

[Event "AUTO-MASTER-707"]
[Site "http://www.queenalice.com/game.php?id=693017"]
[Date "2009.12.4"]
[Round "2"]
[White "jhonystrike"]
[Black "DenisDiaz"]
[Result "1-0"]
[WhiteElo "2230"]
[BlackElo "1963"]

1. d4 e6 2. c4 d5 3. Nc3 Nf6 4. Bg5 Be7 5. e3 O-O 6. Bd3 h6 7. Bh4 Nbd7 8. Nf3
Ne8 9. Bxe7 Qxe7 10. cxd5 exd5 11. Nxd5 Qd8 12. O-O Ndf6 13. Nf4 c6 14. Qb3 Qb6
15. Qxb6 axb6 16. Rfc1 Nc7 17. Ne5 Nd7 18. Nc4 Ne8 19. a4 g5 20. Nh5 f5 21. Ng3
Ng7 22. Nd6 f4 23. Ngf5 Nxf5 24. Nxf5 Rf6 25. e4 Kf8 26. Re1 Nb8 27. g4 fxg3 28.
fxg3 h5 29. Ne3 Bh3 30. e5 1-0

[Event "AUTO-MASTER-707"]
[Site "http://www.queenalice.com/game.php?id=693018"]
[Date "2009.12.4"]
[Round "2"]
[White "DenisDiaz"]
[Black "jhonystrike"]
[Result "0-1"]
[WhiteElo "1991"]
[BlackElo "2234"]

1. e4 Nf6 2. e5 Nd5 3. c4 Nb6 4. d4 d6 5. exd6 cxd6 6. Nf3 g6 7. Be3 Bg7 8. Be2
O-O 9. O-O Nc6 10. Nc3 Bg4 11. d5 Na5 12. Bxb6 Qxb6 13. Na4 Qb4 14. a3 Qb3 15.
Qxb3 Nxb3 16. Rad1 Rac8 17. h3 Bxf3 18. gxf3 Nd4 19. Bd3 Nxf3+ 20. Kg2 Ne5 21.
b3 Rc7 22. Be2 f5 23. f4 Nd7 24. Rc1 Rfc8 25. Nc3 a6 26. Nb1 b5 27. Nd2 Nb6 28.
Rc2 Nxd5 0-1

[Event "Challenge"]
[Site "http://www.queenalice.com/game.php?id=726294"]
[Date "2010.2.5"]
[Round "-"]
[White "jhonystrike"]
[Black "michas"]
[Result "1-0"]
[WhiteElo "2234"]
[BlackElo "1735"]

1. f4 b6 2. Nf3 Ba6 3. b3 Nf6 4. c4 e6 5. Bb2 Bb7 6. e3 Ne4 7. Bd3 Bc5 8. O-O
O-O 9. Qe1 Be7 10. Nc3 Nxc3 11. Bxc3 c5 12. Qg3 Bf6 13. Ne5 Nc6 14. Qh3 g6 15.
Nf3 d5 16. Bxf6 Qxf6 17. Ng5 Qg7 18. cxd5 exd5 19. f5 gxf5 20. Bxf5 h6 21. Nf3
d4 22. e4 Rfe8 23. d3 Ne7 24. Nh4 Nxf5 25. Nxf5 Qf6 26. Nxh6+ Qxh6 27. Qxh6 Re6
28. Qh5 Rg6 29. Rf4 Kg7 30. Raf1 Rf8 31. R1f3 Rh6 32. Rg3+ Kh7 33. Rxf7+ Rxf7
34. Qxf7+ Kh8 35. Rg8# 1-0

[Event "Challenge"]
[Site "http://www.queenalice.com/game.php?id=726295"]
[Date "2010.2.5"]
[Round "-"]
[White "jhonystrike"]
[Black "michas"]
[Result "1-0"]
[WhiteElo "2233"]
[BlackElo "1830"]

1. d4 b6 2. c4 Nf6 3. Nc3 Bb7 4. Qc2 e6 5. e4 c5 6. d5 exd5 7. cxd5 Na6 8. a3
Qc7 9. Nf3 Be7 10. Bc4 O-O 11. O-O Bd6 12. Nb5 Qb8 13. Nxd6 Qxd6 14. e5 Qe7 15.
Bg5 d6 16. exf6 gxf6 17. Rfe1 Qd8 18. Bh6 Re8 19. Qf5 Bc8 20. Rxe8+ Qxe8 21.
Qxf6 Qe5 22. Nxe5 dxe5 23. Qg7# 1-0

[Event "AUTO-MASTER-1117"]
[Site "http://www.queenalice.com/game.php?id=776173"]
[Date "2010.5.15"]
[Round "1"]
[White "jhonystrike"]
[Black "marechaldoar"]
[Result "1-0"]
[WhiteElo "2177"]
[BlackElo "1595"]

1. d4 Nf6 2. c4 e6 3. Nc3 d5 4. Bg5 Be7 5. e3 O-O 6. Nf3 c6 7. Qc2 Nbd7 8. O-O-O
dxc4 9. Bxc4 Nb6 10. Bd3 h6 11. Bxf6 Bxf6 12. Kb1 Qc7 13. g4 Nd5 14. Ne4 Be7 15.
h4 Qa5 16. a3 f5 17. Ned2 Qb6 18. g5 h5 19. Nc4 1-0

[Event "AUTO-MASTER-1117"]
[Site "http://www.queenalice.com/game.php?id=776190"]
[Date "2010.5.15"]
[Round "1"]
[White "jhonystrike"]
[Black "roberval"]
[Result "0-1"]
[WhiteElo "2182"]
[BlackElo "2301"]

1. d4 Nf6 2. c4 g6 3. Nc3 Bg7 4. e4 d6 5. f4 c5 6. d5 O-O 7. Be2 Nbd7 8. g4 a6
9. g5 Ne8 10. h4 b5 11. h5 Nc7 12. Nf3 Nb6 13. cxb5 axb5 14. Qc2 b4 15. Nb5 Ba6
0-1

[Event "AUTO-MASTER-1117"]
[Site "http://www.queenalice.com/game.php?id=776191"]
[Date "2010.5.15"]
[Round "1"]
[White "roberval"]
[Black "jhonystrike"]
[Result "1-0"]
[WhiteElo "2309"]
[BlackElo "2174"]

1. e4 Nf6 2. e5 Nd5 3. c4 Nb6 4. c5 Nd5 5. Nc3 c6 6. Bc4 e6 7. d4 b6 8. Ne4 bxc5
9. dxc5 Bxc5 10. Bd2 Qb6 11. Rc1 Be7 12. Qg4 Kf8 13. b3 h5 14. Qe2 c5 15. Nf3
1-0

[Event "AUTO-MASTER-1117"]
[Site "http://www.queenalice.com/game.php?id=776192"]
[Date "2010.5.15"]
[Round "1"]
[White "jhonystrike"]
[Black "kookaburra"]
[Result "1-0"]
[WhiteElo "2178"]
[BlackElo "2169"]

1. d4 Nf6 2. c4 e6 3. Nc3 d5 4. Bg5 Be7 5. e3 c6 6. Nf3 Nbd7 7. Qc2 O-O 8. O-O-O
c5 9. Kb1 a6 10. dxc5 Nxc5 11. cxd5 Nxd5 12. Nxd5 exd5 13. Bxe7 Qxe7 14. Rxd5 b6
15. Bc4 Bb7 16. Re5 Qf6 17. Bd5 Rac8 18. Bxb7 Nxb7 19. Qf5 Qxf5+ 20. Rxf5 Rfd8
21. Rf4 Nc5 22. Rd4 Ne6 23. Rxd8+ Rxd8 24. Rc1 Kf8 25. b4 Ke7 26. Kc2 f6 27. Rd1
Rc8+ 28. Kb3 g5 29. a3 h6 30. h3 Rc7 31. Ng1 Ng7 32. Ne2 Nf5 33. Nc3 Ke6 34. Rd8
h5 35. Ra8 a5 36. Ra6 1-0

[Event "AUTO-MASTER-1117"]
[Site "http://www.queenalice.com/game.php?id=776193"]
[Date "2010.5.15"]
[Round "1"]
[White "kookaburra"]
[Black "jhonystrike"]
[Result "1/2-1/2"]
[WhiteElo "2162"]
[BlackElo "2190"]

1. e4 Nf6 2. e5 Nd5 3. c4 Nb6 4. c5 Nd5 5. Nc3 c6 6. d4 d6 7. cxd6 exd6 8. Bc4
Be6 9. Nxd5 cxd5 10. Bb5+ Nc6 11. Bxc6+ bxc6 12. Qa4 Qb6 13. Ne2 dxe5 14. O-O
Bd6 15. dxe5 Bxe5 16. Be3 Qb5 17. Qxb5 cxb5 18. Nd4 a6 19. Rac1 O-O 20. b3 Rfc8
21. Nc6 Bd6 22. Nd4 Rxc1 23. Rxc1 Rc8 24. Rxc8+ Bxc8 25. g3 f6 26. Kf1 Kf7 27.
Ke2 Bb7 28. Kd3 g6 29. f3 h5 30. Bf2 Ke7 31. f4 Bc8 32. Be1 Bd7 33. Bd2 b4 34.
Be3 a5 35. Bd2 Kd8 36. Bc1 Be7 37. h4 Kc7 38. Be3 Bd6 1/2-1/2